[Event "GRE-ch 48th"]
[Site "Athens"]
[Date "1998.12.09"]
[Round "2"]
[White "Agnos, Demetrios"]
[Black "Grivas, Efstratios"]
[Result "1/2-1/2"]
[WhiteElo "2445"]
[BlackElo "2520"]

1.e4 c5 2.Nf3 Nc6 3.d4 cxd4 4.Nxd4 Qb6 5.Nb3 Nf6 6.Nc3 e6 7.Bd3 d6 8.Be3 Qc7
9.f4 a6 10.Qf3 Be7 11.O-O O-O 12.g4 b5 13.Qh3 Nd7 14.e5 g6 15.exd6 Qxd6 16.Ne4 Qc7
17.f5 exf5 18.gxf5 Nde5 19.Qg3 f6 20.Nd4 Bd7 21.c3 Rf7 22.Kh1 Re8 23.Bc2 Nxd4
24.Bxd4 Bc6 25.fxg6 hxg6 26.Kg1 Kg7 27.Ng5 Bd6 28.Nxf7 Qxf7 29.Rxf6 Qxf6
30.Rf1 Qe6 31.Bf5 Qf6 32.Bc2 Qe6 33.Bf5 Qf6 34.Bc2  1/2-1/2

[Event "ROM-ch"]
[Site "Bucuresti"]
[Date "1998.12.09"]
[Round "2"]
[White "Florescu, Codrut"]
[Black "Dumitrache, Dragos"]
[Result "1-0"]
[WhiteElo "2320"]
[BlackElo "2420"]

1.e4 c5 2.Nf3 Nc6 3.d4 cxd4 4.Nxd4 Qc7 5.Nc3 e6 6.g3 a6 7.Bg2 Nf6 8.O-O Bc5
9.Nb3 Ba7 10.Bf4 Ne5 11.a4 d6 12.Qe2 Bd7 13.Rad1 Rc8 14.h3 h5 15.Kh1 Nc4
16.Bxd6 Nxd6 17.e5 Nf5 18.exf6 gxf6 19.Ne4 Ke7 20.Qd2 Rh6 21.Qb4+ Ke8 22.Nd6+ Nxd6
23.Rxd6 Bc6 24.Bxc6+ bxc6 25.Rfd1 c5 26.Qd2 Rh8 27.Rd7 Qc6+ 28.Kg1 Bb6 29.Rd6 Qc7
30.Rxb6  1-0

[Event "BL2-W9899"]
[Site "Germany"]
[Date "1998.12.13"]
[Round "3.5"]
[White "Philippe, Christophe"]
[Black "Illner, Achim"]
[Result "0-1"]
[WhiteElo "2270"]
[BlackElo "2315"]

1.e4 c5 2.Nf3 Nc6 3.d4 cxd4 4.Nxd4 Qb6 5.Nb3 Nf6 6.Nc3 e6 7.Be3 Qc7 8.Bd3 Bb4
9.O-O Bxc3 10.bxc3 d5 11.exd5 Nxd5 12.Bc5 b6 13.Ba3 Bb7 14.c4 Nf4 15.Be4 Rd8
16.Qg4 Ng6 17.Rfe1 Nce7 18.Bxb7 Qxb7 19.h4 h5 20.Qg5 e5 21.c5 f6 22.Qg3 Kf7
23.cxb6 axb6 24.Rab1 Nf5 25.Nc5 Qd5 26.Qd3 bxc5 27.Qxf5 Qxg2+ 28.Kxg2 Nxh4+
29.Kh3 Nxf5 30.Rb7+ Kg6 31.Bxc5 Rc8 32.Rb5 Rhd8 33.c4 Rd3+ 34.Kh2 Nd4 35.Bxd4 Rxd4
36.Rg1+ Kh6 37.c5 Rh4+ 38.Kg2 Rg4+ 39.Kf1 Rc4 40.Ke2 R8xc5 41.Rb8 g5 42.Ra8 Rf4
43.Rf1 Rcc4 44.Rh1 Ra4 45.Rh8+ Kg6 46.R1xh5 Rxa2+ 47.Kd3 Kf5 48.R5h6 Rf3+
49.Kc4 Raxf2  0-1

[Event "GRE-ch 48th"]
[Site "Athens"]
[Date "1998.12.18"]
[Round "6"]
[White "Agnos, Demetrios"]
[Black "Banikas, Hristos"]
[Result "1/2-1/2"]
[WhiteElo "2445"]
[BlackElo "2490"]

1.e4 c5 2.Nf3 Nc6 3.d4 cxd4 4.Nxd4 Qc7 5.Nc3 e6 6.Be2 a6 7.O-O Nf6 8.Kh1 Nxd4
9.Qxd4 Bc5 10.Qd3 b5 11.f4 Bb7 12.Bf3 h5 13.e5 Ng4 14.Ne4 Bxe4 15.Qxe4 Rc8
16.Qe2 Nh6 17.Be3 Nf5 18.Bf2 h4 19.Kg1 g5 20.Bg4 Ng3 21.hxg3 hxg3 22.Be3 gxf4
23.Rxf4 Qxe5 24.Rf3 Rh4 25.Bh3 Re4 26.Re1 f5 27.Kf1 Bxe3 28.Rxe3 Qf4+ 29.Qf3 Rxc2
30.Rxe4 Rf2+ 31.Kg1 Rxf3 32.Rxf4 Rxf4 33.Re3 Ra4 34.Bxf5 Rxa2 35.Bd3 Rxb2
36.Rxg3 a5 37.Rg8+ Ke7 38.Ra8 a4 39.Ra5 d5 40.Bxb5 a3 41.Kh2 a2 42.Bd3 e5
43.Bh7 e4 44.Bg8 e3 45.Kg3 e2  1/2-1/2

[Event "GRE-ch 48th"]
[Site "Athens"]
[Date "1998.12.19"]
[Round "7"]
[White "Markidis, Konstantinos"]
[Black "Grivas, Efstratios"]
[Result "0-1"]
[WhiteElo "2295"]
[BlackElo "2520"]

1.e4 c5 2.Nf3 Nc6 3.d4 cxd4 4.Nxd4 Qb6 5.Nb3 Nf6 6.Nc3 e6 7.Be3 Qc7 8.Bd3 d6
9.f4 a6 10.Qf3 Be7 11.O-O O-O 12.g4 b5 13.g5 Nd7 14.Qh5 g6 15.Qh6 Re8 16.Rf3 Bf8
17.Qh4 Qd8 18.Rh3 h5 19.Ne2 Bg7 20.c3 b4 21.Nbd4 bxc3 22.bxc3 Qc7 23.Rc1 Nc5
24.Bb1 Na5 25.f5 exf5 26.exf5 Nc4 27.Bf4 Na3 28.Re3 Rxe3 29.Bxe3 Nxb1 30.Rxb1 Bb7
31.f6 Bf8 32.Ng3 Re8 33.Re1 Nd3 34.Re2 Qxc3 35.Bd2 Qa1+ 36.Nf1 Rxe2 37.Nxe2 Qxa2
38.Qd4 Ne5  0-1

[Event "Carlos Torre op 11th"]
[Site "Merida"]
[Date "1998.12.21"]
[Round "8"]
[White "Aldama, Degurnay"]
[Black "Blanco Fernandez, Alvaro"]
[Result "0-1"]
[WhiteElo "2450"]
[BlackElo "2345"]

1.e4 c5 2.Nf3 Nc6 3.d4 cxd4 4.Nxd4 Qc7 5.Nc3 e6 6.Be2 a6 7.O-O Nf6 8.Be3 Bb4
9.Na4 O-O 10.c4 Be7 11.Nxc6 bxc6 12.Qc2 d5 13.cxd5 exd5 14.Nb6 Rb8 15.Nxc8 Rfxc8
16.exd5 Nxd5 17.Bxa6 Nxe3 18.fxe3 Rf8 19.Bd3 h6 20.b3 Bd6 21.g3 Bxg3 22.hxg3 Qxg3+
23.Kh1 Rbe8 24.Qg2 Qh4+ 25.Qh2 Qg5 26.e4 Qe3 27.Rad1 Rd8 28.Bc2 Rxd1 29.Rxd1 Qf3+
30.Qg2 Qh5+ 31.Qh2 Qf3+ 32.Qg2 Qh5+ 33.Kg1 Qc5+ 34.Kh2 Re8 35.Rg1 g6 36.Rf1 Re5
37.Rf5 Rxf5 38.exf5 Qe5+ 39.Kh3 Qc3+ 40.Kh2 Qe5+ 41.Kh3 Qc3+ 42.Kg4 g5 43.Qe4 Kf8
44.Qd3 Qf6 45.a4 Kg7 46.a5 Qe5 47.Qe4 Qa1 48.Qe3 Kf6 49.a6 h5+ 50.Kg3 Qxa6
51.Qd4+ Ke7 52.Qe5+ Kd8 53.f6 Qa7 54.Kg2 Qc7 55.Qxc7+ Kxc7 56.Bg6 Kd6 57.Bxf7 Ke5
58.Bxh5 Kxf6 59.Kf3 Ke5 60.Ke3  0-1

[Event "Groningen op"]
[Site "Groningen"]
[Date "1998.12.28"]
[Round "8"]
[White "Jonker, Marc"]
[Black "Skripchenko, Almira"]
[Result "0-1"]
[WhiteElo "2295"]
[BlackElo "2420"]

1.e4 c5 2.Nf3 Nc6 3.d4 cxd4 4.Nxd4 Qc7 5.Nc3 e6 6.f4 a6 7.Nxc6 Qxc6 8.Bd3 b5
9.a3 Bb7 10.Qe2 Rc8 11.Bd2 Bc5 12.g4 Ne7 13.h4 d5 14.O-O-O O-O 15.h5 Rfe8
16.Kb1 b4 17.axb4 Bxb4 18.exd5 Nxd5 19.Nxd5 exd5 20.Qf2 Bc5 21.Qg3 Qb6 22.Rhe1 Red8
23.Qf3 a5 24.g5 a4 25.g6 fxg6 26.hxg6 Bd4 27.c3 a3 28.Bc1 Rxc3 29.Qh3 Rxc1+  0-1

[Event "Trinec op"]
[Site "Trinec"]
[Date "1998.12.29"]
[Round "4"]
[White "Starostits, Ilmas"]
[Black "Chernyshov, Konstantin"]
[Result "1-0"]
[WhiteElo "2330"]
[BlackElo "2485"]

1.e4 c5 2.Nf3 Nc6 3.d4 cxd4 4.Nxd4 Qb6 5.Nb3 Nf6 6.Nc3 e6 7.Be3 Qc7 8.a3 a6
9.f4 d6 10.g4 h6 11.Bg2 Be7 12.Qe2 b5 13.h3 Bb7 14.O-O Nd7 15.Qf2 Bf6 16.Rad1 Bxc3
17.bxc3 Ne7 18.Bd4 O-O 19.g5 hxg5 20.fxg5 f5 21.gxf6 Nxf6 22.e5 dxe5 23.Bxb7 Qxb7
24.Bxe5 Nf5 25.Nc5 Qc6 26.Nxe6 Qxe6 27.Qxf5 Rae8 28.Qxe6+ Rxe6 29.Bxf6 Rfxf6
30.Rxf6 Rxf6 31.Kg2 Rc6 32.Rd3 Rc4 33.Kf3 Ra4 34.Ke2 Rxa3 35.Kd2 Ra1 36.Rd4 Rh1
37.h4 Ra1 38.c4 bxc4 39.Rxc4 Kh7 40.Rg4 a5 41.c4 Ra4 42.Kc3 Ra3+ 43.Kb2 Ra4
44.Kb3 Rb4+ 45.Kc3 Ra4 46.Rd4 Ra1 47.Kb2 Ra4 48.Kb3 Rb4+ 49.Kc3 Rb1 50.Rd5 a4
51.Ra5 Rb3+ 52.Kd4 a3 53.c5 Rh3 54.Kd5 Kh6 55.c6 Rc3 56.Kd6 g6 57.c7 Rd3+
58.Ke7 Rc3 59.Kd7 Rd3+ 60.Kc8 Rc3 61.Ra8 Kh5 62.Kd7 a2 63.Rxa2 Kxh4 64.Ra6 Rxc7+
65.Kxc7 g5 66.Kd6 g4 67.Ke5 g3 68.Kf4  1-0

[Event "Givataim international"]
[Site "Givataim"]
[Date "1998.12.??"]
[Round "?"]
[White "Kundin, Alexander"]
[Black "Bar, Roman"]
[Result "1-0"]
[WhiteElo "2425"]
[BlackElo "2195"]

1.e4 c5 2.Nf3 Nc6 3.d4 cxd4 4.Nxd4 Qc7 5.Nb5 Qb8 6.c4 Nf6 7.N5c3 e6 8.f4 d6
9.Be2 b6 10.Bf3 Bb7 11.Qa4 Nd7 12.Be3 Be7 13.O-O O-O 14.Rd1 Nc5 15.Qc2 a6
16.a3 Rd8 17.b4 Nd7 18.Nd2 Ra7 19.Nd5 exd5 20.exd5 Nxb4 21.axb4 a5 22.c5 dxc5
23.bxa5 Rxa5 24.Rxa5 bxa5 25.Rb1 Bd6 26.Nc4 Nf8 27.Nxd6 Rxd6 28.Qxc5 Rd7
29.Bg4 Rc7 30.Qb5  1-0

[Event "Beersheba"]
[Site "Beersheba"]
[Date "1998.??.??"]
[Round "2"]
[White "Lederer, Yoav"]
[Black "Maryasin, Boris"]
[Result "1-0"]
[WhiteElo "2270"]
[BlackElo "2350"]

1.e4 c5 2.Nf3 Nc6 3.d4 cxd4 4.Nxd4 Qb6 5.Nb3 Nf6 6.Nc3 e6 7.Be3 Qc7 8.Bd3 a6
9.O-O b5 10.f4 d6 11.Qf3 Bb7 12.Rae1 Be7 13.Qg3 g6 14.e5 Nh5 15.Qf2 dxe5
16.fxe5 O-O 17.Bb6 Qb8 18.Bc5 Qd8 19.Be4 Rc8 20.Bb6 Qe8 21.Nc5 Ba8 22.Nxa6 b4
23.Nb5 f5 24.exf6 Nxf6 25.Bf3 e5 26.Nac7 Qd7 27.Rd1 Qf5 28.Qe2 e4 29.Qc4+ Kh8
30.Be2 Ne5 31.Qb3 Nf3+ 32.gxf3 Bc5+ 33.Bxc5 Qxc5+ 34.Kh1 exf3 35.Bxf3 Ng4
36.Nxa8 Nf2+ 37.Rxf2 Qxf2 38.Be4 Rcd8 39.Bd5 Rde8 40.Qxb4 Re2 41.Qd4+ Rf6
42.Qxf2 Rfxf2 43.Nd4 Rxh2+ 44.Kg1 Rd2 45.Rxd2 Rxd2 46.c3 Rxb2 47.a4 Rb1+
48.Kg2 Ra1 49.Nb6 Kg7 50.Nc6 h5 51.a5 g5 52.Bc4 h4 53.a6 g4 54.a7 h3+ 55.Kh2  1-0

[Event "Beersheba"]
[Site "Beersheba"]
[Date "1998.??.??"]
[Round "7"]
[White "Lederman, Leon"]
[Black "Maryasin, Boris"]
[Result "1-0"]
[WhiteElo "2310"]
[BlackElo "2350"]

1.e4 c5 2.Nf3 Nc6 3.d4 cxd4 4.Nxd4 Qb6 5.Nb3 Nf6 6.Nc3 e6 7.g3 Bb4 8.Bg2 d5
9.O-O d4 10.Ne2 e5 11.c3 dxc3 12.Nxc3 Bg4 13.Qd3 Rd8 14.Nd5 Nxd5 15.exd5 Nd4
16.Qe4 Nxb3 17.Qxe5+ Kf8 18.axb3 Bd6 19.Qe4 h5 20.Be3 Qxb3 21.Rxa7 Re8 22.Qd4 Be2
23.Rc1 h4 24.Bf4 Bxf4 25.Qxf4 h3 26.Be4 Qb4 27.d6 Ba6 28.d7 Rd8 29.Ra8  1-0

[Event "Belgrade-Moscow"]
[Site "Belgrade"]
[Date "1998.??.??"]
[Round "?"]
[White "Kuznetsov, Lev"]
[Black "Perunovic, Milos"]
[Result "0-1"]
[WhiteElo "2240"]
[BlackElo "2240"]

1.e4 c5 2.d4 cxd4 3.Nf3 Nc6 4.Nxd4 Qc7 5.Nc3 e6 6.g4 a6 7.Nde2 b5 8.Bg2 Bb7
9.O-O Bc5 10.a3 Nge7 11.Bf4 Ne5 12.Bg3 N7g6 13.h4 h5 14.g5 Qb6 15.Nc1 Ng4
16.Nd3 Be7 17.Bh3 Bd6 18.Qf3 N6e5 19.Nxe5 Nxe5 20.Qe2 Ng6 21.e5 Qc6 22.Kh2 Be7
23.Qd3 Bxg5 24.hxg5 h4 25.Qe2 hxg3+ 26.fxg3 Nxe5  0-1

[Event "SLO-ch U18"]
[Site "Bled"]
[Date "1998.??.??"]
[Round "?"]
[White "Kavcic, Uros"]
[Black "Zeljko, J."]
[Result "1-0"]
[WhiteElo "2200"]
[BlackElo "1805"]

1.e4 c5 2.Nf3 Nc6 3.d4 cxd4 4.Nxd4 Qc7 5.Nc3 e6 6.Be3 a6 7.a3 Nf6 8.Nb3 Be7
9.Be2 O-O 10.f4 d6 11.O-O b5 12.Bf3 Bb7 13.Qe2 Rac8 14.g4 Nd7 15.g5 Nb6 16.Rad1 Nc4
17.Bc1 N6a5 18.Rd3 Rfd8 19.Bg4 Bf8 20.Nd4 Re8 21.Qf2 Nc6 22.Nxc6 Bxc6 23.Qh4 Qb7
24.Rh3 Bxe4 25.f5 h6 26.fxe6 fxe6 27.gxh6 g6 28.Qf6 Kh7 29.Bxe6 Rc7 30.Nxe4 Qxe4
31.Qg7+ Bxg7 32.hxg7+ Kxg7 33.Bh6+ Kh8 34.Bg5+  1-0

[Event "Bled op"]
[Site "Bled"]
[Date "1998.??.??"]
[Round "6"]
[White "Gruskovnjak, Tomislav"]
[Black "Kragelj, Igor"]
[Result "1/2-1/2"]
[WhiteElo "2230"]
[BlackElo "2310"]

1.e4 c5 2.Nf3 Nc6 3.d4 cxd4 4.Nxd4 Qc7 5.Nc3 e6 6.Be3 a6 7.Be2 Nf6 8.O-O Be7
9.f4 d6 10.Kh1 O-O 11.a4 Re8 12.Nb3 b6 13.Bf3 Bb7 14.Qe2 Nd7 15.Rae1 Rac8
16.Qf2  1/2-1/2

[Event "Wch-09 blind "]
[Site "Brno"]
[Date "1998.??.??"]
[Round "2"]
[White "Gunajew, Rafal"]
[Black "Krylov, Sergey"]
[Result "1/2-1/2"]
[WhiteElo "2095"]
[BlackElo "2320"]

1.e4 c5 2.Nf3 Nc6 3.d4 cxd4 4.Nxd4 Qb6 5.Nb3 Nf6 6.Nc3 e6 7.Bd3 a6 8.O-O d6
9.Kh1 Qc7 10.Bg5 Be7 11.f4 b5 12.Qe2 Bb7 13.Rae1 b4 14.Nd1 a5 15.Ne3 h6 16.Bh4 O-O
17.e5 dxe5 18.Bxf6 Bxf6 19.Ng4 Qe7 20.Qe4 g6 21.Nxf6+ Qxf6 22.fxe5 Qe7 23.Rf6 Rad8
24.Qh4 Kg7 25.Nxa5 Nxe5 26.Ref1 Ba8 27.Nc4 Qb7 28.R6f2 g5 29.Qg3 Nxd3 30.cxd3 Qd5
31.Nb6 Qc5 32.Nxa8 Rxa8 33.Rf6 Rxa2 34.Qh3 Ra5 35.Qxh6+ Kg8 36.Rg6+  1/2-1/2

[Event "Bucharest Fest GM"]
[Site "Bucharest"]
[Date "1998.??.??"]
[Round "?"]
[White "Iordachescu, Viorel"]
[Black "Itkis, Boris"]
[Result "1-0"]
[WhiteElo "2515"]
[BlackElo "2465"]

1.e4 c5 2.Nf3 Nc6 3.d4 cxd4 4.Nxd4 Qc7 5.Nc3 e6 6.Be2 a6 7.O-O Nf6 8.Bg5 Be7
9.Kh1 d6 10.Qd3 O-O 11.Rad1 Rd8 12.Nxc6 bxc6 13.Qg3 c5 14.Bh6 g6 15.Bg5 Ne8
16.f4 Bb7 17.f5 exf5 18.Bc4 Bxg5 19.Qxg5 Rd7 20.exf5 Qd8 21.f6 Nc7 22.Rd3 d5
23.Rh3 Qf8 24.Bd3 Ne6 25.Qh4 h6 26.Qg4 d4 27.Ne4 Rd5 28.Rg3 Re8 29.Qh4 Kh7
30.Rxg6 fxg6 31.f7 Re7 32.Nf6+ Kg7 33.Ng4 Rf5 34.Rxf5 Qxf7 35.Bc4 h5 36.Rxf7+ Rxf7
37.Ne5 Rf6 38.Kg1  1-0

[Event "Bucharest Fest GM"]
[Site "Bucharest"]
[Date "1998.??.??"]
[Round "?"]
[White "Iordachescu, Viorel"]
[Black "Marjanovic, Slavoljub"]
[Result "0-1"]
[WhiteElo "2515"]
[BlackElo "2460"]

1.e4 c5 2.Nf3 Nc6 3.d4 cxd4 4.Nxd4 Qc7 5.Nc3 e6 6.Be2 a6 7.O-O Nf6 8.Kh1 Nxd4
9.Qxd4 Bc5 10.Qd3 h5 11.Bg5 Ng4 12.f4 f6 13.Bh4 b5 14.e5 f5 15.Nd5 Qa7 16.b4 Bf8
17.Bf3 Rb8 18.Rac1 Kf7 19.c4 Kg6 20.c5 exd5 21.Bxd5 Qc7 22.Rce1 Bb7 23.e6 Bxd5
24.Qxd5 dxe6 25.Rxe6+ Kh7 26.Qxf5+ Kg8 27.Rxa6 Qf7 28.Qxf7+ Kxf7 29.Ra7+ Kg8
30.f5 Rh6 31.Bg3 Rd8 32.Bf4 Rf6 33.h3 Nh6 34.g4 hxg4 35.hxg4 Rc6 36.Rb7 Nxg4
37.Rxb5 Rd5 38.Bg5 Ra6 39.Kg2 Rxa2+ 40.Kg3 Nh2 41.Rf2 Rxf2 42.Kxf2 Rxf5+
43.Kg2 Rxg5+ 44.Kxh2 Kf7 45.Kh3 Rg1 46.Rb7+ Ke6 47.c6 Bd6 48.b5 g5 49.Rg7 Bf4
50.Rb7 Be5 51.Rb6 Kf5  0-1

[Event "Bucharest Fest IM"]
[Site "Bucharest"]
[Date "1998.??.??"]
[Round "?"]
[White "Moraru, Marius"]
[Black "Bagonyai, Attila"]
[Result "1-0"]
[WhiteElo "2420"]
[BlackElo "2315"]

1.e4 c5 2.Nf3 Nc6 3.d4 cxd4 4.Nxd4 Qc7 5.Nc3 Nf6 6.Be2 e6 7.O-O a6 8.Be3 d6
9.f4 Be7 10.g4 Nxd4 11.Bxd4 e5 12.Be3 exf4 13.Rxf4 Be6 14.Nd5 Bxd5 15.exd5 O-O
16.g5 Nd7 17.Rh4 Ne5 18.Qf1 Qxc2 19.Rc1 Qg6 20.Bh5 Bxg5 21.Bxg6 Bxe3+ 22.Kg2 fxg6
23.Qe1 Bxc1 24.Qxc1 Rf2+ 25.Kg1 Raf8 26.Re4 h5 27.h3 g5 28.Re3 g4 29.hxg4 hxg4
30.Qd1 Rxb2 31.Rxe5 dxe5 32.d6 Rd8 33.d7 Rxa2 34.Qxg4 Rd2 35.Qc4+ Kf8 36.Qb4+ Kf7
37.Qxd2 Ke7 38.Qb4+ Ke6 39.Qxb7 Rxd7 40.Qxa6+ Ke7 41.Qc8 Rd6 42.Qc7+ Ke6
43.Qxg7 Rd1+ 44.Kf2 Kd6 45.Ke3 Ke6 46.Qg6+ Ke7 47.Qf5 Kd6 48.Qf6+ Kd5 49.Qe7 Rd4
50.Kf3 Rf4+ 51.Kg3 Kd4 52.Qd6+ Ke4 53.Qd7 Ke3 54.Qd5 Re4 55.Qc5+ Kd3 56.Qb5+ Kd4
57.Qd7+ Kc4 58.Qe6+ Kb4 59.Kf3 Rc4 60.Qxe5 Rc3+ 61.Ke2 Kb3 62.Qb5+ Ka2 63.Kd2 Rb3
64.Qa4+ Kb2 65.Qa5 Kb1 66.Qf5+ Kb2 67.Qe5+ Kb1 68.Qd4 Rb2+ 69.Kc3 Ka2 70.Qa7+ Kb1
71.Qa4 Rh2 72.Qb5+  1-0

[Event "Bucharest Fest GM"]
[Site "Bucharest"]
[Date "1998.??.??"]
[Round "?"]
[White "Moraru, Marius"]
[Black "Itkis, Boris"]
[Result "1/2-1/2"]
[WhiteElo "2420"]
[BlackElo "2465"]

1.e4 c5 2.Nf3 Nc6 3.d4 cxd4 4.Nxd4 Qc7 5.Nc3 e6 6.Be2 a6 7.Be3 Nf6 8.O-O Bb4
9.Na4 Be7 10.Nxc6 bxc6 11.Nb6 Rb8 12.Nxc8 Qxc8 13.e5 Nd5 14.Bd4 c5 15.c4 cxd4
16.cxd5 Qc5 17.dxe6 fxe6 18.Re1 d3 19.Bxd3 Rxb2 20.Qh5+ Kd8 21.Re2 g6 22.Rxb2 gxh5
23.Rb8+ Kc7 24.Rxh8 Qxe5 25.Rc1+ Bc5 26.Rxh7 Qd4 27.Rxh5 Qxf2+ 28.Kh1 d5
29.Rf1 Qxa2 30.Re5 Kd7 31.Re2 Qa3 32.Bh7 Be3 33.g4 Qc3 34.Rd1 Bf4 35.Kg2 Qh8
36.Rf1 e5 37.Bf5+ Kd6 38.h3 Qh4 39.Rf3 Qd8  1/2-1/2

[Event "Bucharest Fest IM"]
[Site "Bucharest"]
[Date "1998.??.??"]
[Round "?"]
[White "Burnoiu, Costel"]
[Black "Brajovic, Radovan"]
[Result "0-1"]
[WhiteElo "2230"]
[BlackElo "2320"]

1.e4 c5 2.Nf3 Nc6 3.d4 cxd4 4.Nxd4 Qc7 5.Nc3 e6 6.Ndb5 Qb8 7.Be2 a6 8.Nd4 b5
9.O-O Bb7 10.Be3 Nf6 11.a3 Bd6 12.f4 Nxd4 13.Qxd4 e5 14.Qd2 b4 15.axb4 Bxb4
16.fxe5 Nxe4 17.Qd3 Qxe5 18.Qc4 Qe7 19.Nxe4 d5 20.Nf6+ gxf6 21.Qd4 Rc8 22.Kh1 Rc6
23.Qd3 Re6 24.Bd4 Rxe2 25.Bxf6 Qe4 26.Qxe4+ dxe4 27.Bxh8 e3 28.Rg1 Rxc2 29.Bc3 Bc5
30.Ra5 Bb6 31.Re5+ Kf8 32.Bb4+ Kg7 33.Re7 Bc6 34.h3 Kg6 35.Bc3  0-1

[Event "Budapest FS07 IM-B"]
[Site "Budapest"]
[Date "1998.??.??"]
[Round "5"]
[White "Toth, Andras"]
[Black "Andrijevic, Milan"]
[Result "1-0"]
[WhiteElo "2325"]
[BlackElo "2345"]

1.e4 c5 2.Nf3 Nc6 3.d4 cxd4 4.Nxd4 Qc7 5.Nc3 e6 6.Be2 a6 7.Be3 Nf6 8.O-O Bb4
9.Na4 Be7 10.c4 d6 11.Nc3 O-O 12.Qd2 Ne5 13.Rac1 Neg4 14.Bg5 d5 15.e5 Qxe5
16.Bf4 Qh5 17.Nf3 d4 18.Qxd4 Bc5 19.Qd2 Nxf2 20.Rxf2 Bxf2+ 21.Kxf2 Qc5+ 22.Kf1 Ng4
23.Ne4 Qc6 24.Nf2 Nxf2 25.Kxf2 f6 26.Qd6 Qa4 27.Bd3 Re8 28.Bc2 Qxa2 29.Qc7 Qxb2
30.Bh6 f5 31.Ne5 Qd4+ 32.Kf1 Bd7 33.Rd1 Rac8 34.Rxd4 Rxc7 35.Nxd7 e5 36.Rd6 Rc6
37.Rxc6 bxc6 38.Bc1 e4 39.Be3 Re7 40.Nc5 a5 41.Ba4 Rc7 42.Ne6 Rc8 43.Nd4 Rb8
44.Bxc6 Rb1+ 45.Kf2 Rb2+ 46.Kg3 g6 47.c5 Kf7 48.Bd7 Ke7 49.c6 Ra2 50.Bg5+ Kd6
51.Nb5+  1-0

[Event "Budapest FS06 GM"]
[Site "Budapest"]
[Date "1998.??.??"]
[Round "6"]
[White "Borge, Nikolaj"]
[Black "Oral, Tomas"]
[Result "0-1"]
[WhiteElo "2390"]
[BlackElo "2455"]

1.e4 c5 2.Nf3 Nc6 3.d4 cxd4 4.Nxd4 Qc7 5.Nc3 e6 6.g3 a6 7.Bg2 Nf6 8.O-O Bc5
9.Nxc6 dxc6 10.Na4 Ba7 11.c4 Nd7 12.b4 a5 13.b5 e5 14.Ba3 Bd4 15.Qg4 g6 16.Qh4 c5
17.Qh6 Nb6 18.Nxb6 Qxb6 19.Qg7 Rf8 20.Rac1 Be6 21.Rc2 O-O-O 22.Qxh7 Qc7 23.Bc1 Rh8
24.Qg7 Bh3 25.Bg5 Rde8 26.Bxh3+ Rxh3 27.Kg2 Qd7 28.f3 Reh8 29.Kh1 R3h7 30.Qf6 Qh3
31.Rff2 Bxf2 32.Rxf2 Qxg3  0-1

[Event "Calcutta"]
[Site "Calcutta"]
[Date "1998.??.??"]
[Round "2"]
[White "Prasad, Devaki V"]
[Black "Kunte, Abhijit"]
[Result "1/2-1/2"]
[WhiteElo "2400"]
[BlackElo "2460"]

1.e4 c5 2.Nf3 Nc6 3.d4 cxd4 4.Nxd4 Qc7 5.Nb5 Qb8 6.Bd3 a6 7.N5c3 e6 8.Be3 Nf6
9.O-O Ne5 10.h3 b5 11.Nd2 Bb7 12.f4 Nxd3 13.cxd3 Qd8 14.Nb3 d6 15.Rc1 Be7
16.a4 b4 17.Nb1 a5 18.N1d2 O-O 19.Nd4 Ra6 20.Qe2 Nd7 21.Rc2 Nc5 22.b3 Qb8
23.Nb5 Rc8 24.Rfc1 Rac6 25.Nd4 Ra6 26.Nb5 Rac6 27.Nd4  1/2-1/2

[Event "Cannes op"]
[Site "Cannes"]
[Date "1998.??.??"]
[Round "7"]
[White "Korneev, Oleg"]
[Black "Rotstein, Arkadij"]
[Result "0-1"]
[WhiteElo "2560"]
[BlackElo "2485"]

1.e4 c5 2.Nf3 Nc6 3.d4 cxd4 4.Nxd4 Qc7 5.Nc3 e6 6.Be3 a6 7.Qd2 Nf6 8.f3 Ne5
9.O-O-O b5 10.Kb1 b4 11.Na4 d5 12.Nb3 Ned7 13.e5 Nxe5 14.Nb6 Rb8 15.Nxc8 Qxc8
16.Bf4 Bd6 17.Bd3 Qc7 18.Bxe5 Bxe5 19.g3 a5 20.f4 Bd6 21.Nd4 O-O 22.Nb5 Qc5
23.Nxd6 Qxd6 24.h3 Nd7 25.h4 Nc5 26.h5 Nxd3 27.Qxd3 h6 28.Rhf1 a4 29.f5 a3
30.Qd4 Rfc8 31.f6 Qc5 32.Qd2 Qc3 33.Qxc3 bxc3 34.b3 Rb4 35.Rd3 gxf6 36.Rxf6 Re4
37.Kc1 Kg7 38.Rff3 d4 39.Rf4 Rxf4 40.gxf4 Rd8 41.Kd1 Kf6 42.Ke2 Kf5 43.Rg3 Kxf4
44.Rf3+ Ke4 45.Rxf7 Rg8 46.Kf2 Rg5  0-1

[Event "CZE-chT2 9899"]
[Site "CZE"]
[Date "1998.??.??"]
[Round "?"]
[White "Gross, Stefan"]
[Black "Bakalar, Petr"]
[Result "1-0"]
[WhiteElo "2340"]
[BlackElo "2320"]

1.e4 c5 2.Nf3 Nc6 3.d4 cxd4 4.Nxd4 Qb6 5.Nb5 a6 6.Be3 Qd8 7.N5c3 e6 8.f4 b5
9.Be2 b4 10.Na4 Rb8 11.Bf3 Qa5 12.b3 Nf6 13.Nd2 d5 14.exd5 exd5 15.O-O Be7
16.Nc4 dxc4 17.Bxc6+ Nd7 18.Qg4 O-O 19.Bxd7 f5 20.Qd1 Rd8 21.Bxc8 Rxd1 22.Be6+ Kh8
23.Raxd1 cxb3 24.axb3 Qb5 25.Bc4 Qc6 26.Rd5 Rd8 27.Rfd1 Rxd5 28.Rxd5 g6 29.Nc5 Kg7
30.Rd7 Kf8 31.Bd5 Qc8 32.Rc7  1-0

[Event "CZE-chT 9899"]
[Site "CZE"]
[Date "1998.??.??"]
[Round "4"]
[White "Berzinsh, Roland"]
[Black "Vavra, Pavel"]
[Result "1-0"]
[WhiteElo "2445"]
[BlackElo "2330"]

1.e4 c5 2.Nf3 Nc6 3.d4 cxd4 4.Nxd4 Qb6 5.Nxc6 bxc6 6.Bd3 d5 7.exd5 cxd5 8.Nc3 Qe6+
9.Be3 a6 10.O-O Bb7 11.Re1 Qc6 12.Bd4 e6 13.Qf3 Ne7 14.Rad1 Qd7 15.Bf1 Nc6
16.Qxd5 Qe7 17.Qb3 Qb4 18.Nd5 Qxb3 19.axb3 O-O-O 20.Nb6+ Kc7 21.Be3 Be7 22.Nc4 Kb8
23.c3 e5 24.b4 Rxd1 25.Rxd1 Bc8 26.Nb6 Bf5 27.Bxa6 Rd8 28.Rxd8+ Bxd8 29.Bc4 f6
30.f3 Bc2 31.Bc5 f5 32.Bb5 Ne7 33.Bd6+ Ka7 34.Bxe7  1-0

[Event "Dieren op"]
[Site "Dieren"]
[Date "1998.??.??"]
[Round "9"]
[White "Anka, Emil"]
[Black "Maryasin, Boris"]
[Result "1-0"]
[WhiteElo "2420"]
[BlackElo "2350"]

1.e4 c5 2.Nf3 Nc6 3.d4 cxd4 4.Nxd4 Qb6 5.Nb3 Nf6 6.Nc3 e6 7.Bd3 a6 8.f4 d6
9.Qf3 Qc7 10.Bd2 Be7 11.O-O-O b5 12.g4 b4 13.Ne2 e5 14.g5 Nd7 15.f5 a5 16.Kb1 a4
17.Nbc1 Rb8 18.b3 Na7 19.Ng3 Nc5 20.Bc4 Nb5 21.Bxb4 Bxg5 22.Nce2 Ba6 23.Nh5 Nd4
24.Nxd4 Bxc4 25.Bxc5 Qxc5 26.Nxg7+ Kd7 27.Nge6 fxe6 28.fxe6+ Kc8 29.Nf5 Rb6
30.Rhg1 Bf4 31.e7 Bf7 32.Rg7 Bg6 33.Qh3 Kb8 34.Rxg6 Rc8 35.Rg2 axb3 36.cxb3 Qa3
37.Rc2 Rxc2 38.e8=Q+ Kb7 39.Qxh7+ Rc7 40.Qxc7+ Kxc7 41.Qf7+ Kc8 42.Rg1 Rb7
43.Qd5 Qc5 44.Qxc5+ dxc5 45.h4 Rb4 46.h5 c4 47.h6 Bxh6 48.Nxh6 cxb3 49.axb3 Rxe4
50.Kc2 Kc7 51.Rg6 Kd7 52.Nf5 Rf4 53.Ne3 Rd4 54.Kc3 Re4 55.Nc4 Re1 56.Kb4 e4
57.Kc3 e3 58.Kd3 e2 59.Rg3 Kc6 60.Kd2 Rb1 61.Kxe2 Kc5 62.Nd2 Rh1 63.Rg4 Kb5
64.Kd3 Rc1 65.Rc4 Rh1 66.Kc2 Rh2 67.Rf4 Rh3 68.Nf3 Rh1 69.Ne5 Rh3 70.Nd3 Rh8
71.Rf5+ Kb6 72.Kc3 Rc8+ 73.Kb4 Rd8 74.Rf6+ Ka7 75.Nc5 Rb8+ 76.Ka5 Rh8 77.Rf7+ Ka8
78.b4 Rh5 79.Re7 Rd5 80.Kb5 Rd4 81.Nd7 Rd1 82.Kc6 Ka7 83.Nb6+ Ka6 84.b5+ Ka5
85.Ra7+ Kb4 86.Nd5+  1-0

[Event "Centrocoop Sept op-A"]
[Site "Eforie Nord"]
[Date "1998.??.??"]
[Round "?"]
[White "Bondoc, Dan Vladimir"]
[Black "Itkis, Boris"]
[Result "0-1"]
[WhiteElo "2255"]
[BlackElo "2465"]

1.e4 c5 2.Nf3 Nc6 3.d4 cxd4 4.Nxd4 Qc7 5.Nc3 e6 6.g3 a6 7.Bg2 Nf6 8.O-O Be7
9.Re1 d6 10.a4 Bd7 11.Nce2 O-O 12.b3 Rac8 13.c4 Rfd8 14.h3 Be8 15.f4 d5 16.cxd5 exd5
17.e5 Ne4 18.Be3 Bb4 19.Rf1 Qa5 20.Kh2 Rc7 21.Nxc6 Rxc6 22.Nd4 Rc3 23.Qe2 Bc5
24.Rfd1 Rc8 25.Rd3 Bxd4 26.Bxd4 Rc2 27.Qg4 Qc7 28.Rg1 Nf2 29.Bxf2 Rxf2 30.Rxd5 Bc6
31.Rdd1 g6 32.Rdf1 h5 33.Qd1 Ra2 34.Qe1 Qb6 35.e6 Qxb3 36.f5 Qb2 37.exf7+  0-1

[Event "Eger Agria op"]
[Site "Eger Agria"]
[Date "1998.??.??"]
[Round "6"]
[White "Meszaros, Andras"]
[Black "Kerek, Krisztian"]
[Result "1/2-1/2"]
[WhiteElo "2305"]
[BlackElo "2335"]

1.e4 c5 2.Nf3 Nc6 3.d4 cxd4 4.Nxd4 Qc7 5.Nc3 e6 6.Be2 a6 7.O-O Nf6 8.Kh1 Be7
9.f4 d6 10.Be3 O-O 11.Qe1 Bd7 12.Qg3 Kh8 13.Rae1 b5 14.a3 Rac8 15.Rf2 Qb8
16.Bd3 b4 17.Nce2 bxa3 18.bxa3 d5 19.exd5 exd5 20.Nxc6 Bxc6 21.Bd4 Rg8 22.Nc3 Rce8
23.Rfe2 Qd8 24.Qh3 h6 25.a4 Bd6 26.Qh4 Bb4 27.Rxe8 Rxe8 28.Rxe8+ Bxe8 29.Bxf6 Qxf6
30.Qxf6 gxf6 31.Nxd5 Bd6 32.Bxa6 Bc6 33.Nb6 Bxf4 34.Bb5 Bc7 35.Nc4 Be4 36.c3 Kg7
37.Nd2 Bc2 38.c4 Kf8 39.c5 Ke7 40.Nf3 Be4 41.Nd4 f5  1/2-1/2

[Event "Eger Agria op"]
[Site "Eger Agria"]
[Date "1998.??.??"]
[Round "8"]
[White "Besztercsenyi, Tibor"]
[Black "Kerek, Krisztian"]
[Result "0-1"]
[WhiteElo "2235"]
[BlackElo "2370"]

1.e4 c5 2.Nf3 Nc6 3.d4 cxd4 4.Nxd4 Qc7 5.Nc3 e6 6.Be3 a6 7.Bd3 Nf6 8.O-O Bd6
9.h3 b5 10.Kh1 Bf4 11.Bxf4 Qxf4 12.Nce2 Qc7 13.Nxc6 dxc6 14.Ng3 O-O 15.Nh5 Qe5
16.Nxf6+ Qxf6 17.c3 e5 18.a4 Be6 19.Qe1 Rfd8 20.axb5 axb5 21.Qe3 h6 22.Be2 Bb3
23.Bg4 Kh7 24.Kg1 Qd6 25.h4 Ra4 26.Rxa4 bxa4 27.h5 c5 28.f4 exf4 29.Rxf4 Qd2
30.Qf2 Qxf2+ 31.Rxf2 g6 32.Kf1 Re8 33.Bf3 Bc4+ 34.Be2 Bxe2+ 35.Rxe2 gxh5
36.Kf2 Kg6 37.Kf3 Rd8 38.Kf4 Kf6 39.Ke3 Ke6 40.Rf2 c4 41.Rf5 Rd3+ 42.Ke2 Rg3
43.Kf2 Rg5 44.Rf4 Rb5 45.e5 Rxb2+ 46.Kf3 Rb7 47.Ke4 Ra7 48.Rf6+ Ke7 49.Kd5 a3
50.Rf1 a2 51.Ra1 Ra4 52.Kc5 Ke6 53.Kb5 Ra8 54.Kxc4 Kxe5 55.Kb3 h4 56.Kb2 f5
57.Re1+ Kf4 58.Ka1 Kg3 59.Rf1 Ra5 60.Rh1 Ra4  0-1